Spell the Marvel Character #60 - Statistics

General Stats
  • This quiz has been taken 29 times
  • The average score is 8 of 13
Answer Stats
Picture Answer % Correct
Echo
86%
Beta-Ray Bill
82%
Ikaris
77%
Inferno
73%
Lionheart
73%
Enigma
68%
Red Dagger
68%
Kaine
64%
Thunderstrike
64%
Red Wolf
59%
Gorilla-Man
50%
Blitzkrieger
45%
Zuras
27%
No matching quizzes found
Score Distribution
Percent of People with Each Score
Percentile by Number Answered
Your Score History
You have not taken this quiz